| 000 | 00708nam a2200241 a 4500 | ||
|---|---|---|---|
| 001 | BRCA_4012 | ||
| 005 | 20190320204519.0 | ||
| 008 | 160110r1954----enk#######---#000-0#eng-# | ||
| 041 | _aeng | ||
| 044 | _aenk | ||
| 050 | 4 |
_aPN2093 _b.D67 1954 |
|
| 100 | 1 |
_aDostoyevsky, Fyodor _910429 |
|
| 245 | 1 | 0 |
_aCrime and Punishment _cFyodor Dostoyevsky ; translated with an introduction by David Magarshack. |
| 260 |
_aGran BretaƱa _bPenguin Books _c1954 |
||
| 300 |
_a558 p. _c18 cm. |
||
| 440 | 0 |
_aThe penguin classics _vL23 _910430 |
|
| 500 | _aCEF61 | ||
| 650 | 1 | 4 |
_aNovelas _910431 |
| 650 | 1 | 4 |
_aProgramas de teatro _910432 |
| 700 | 1 |
_aMagarshack, David _eTraductor _910433 |
|
| 902 | _aGFM | ||
| 942 |
_2lcc _cB |
||
| 999 |
_c3738 _d3738 |
||